| 000 | 01060cam a22003377a 4500 | ||
|---|---|---|---|
| 003 | CHAP | ||
| 005 | 20220329135450.0 | ||
| 008 | 971013s1983 r 00010 d | ||
| 010 | _a36944 | ||
| 011 | _a37916 | ||
| 035 | _a42036 | ||
| 040 | _cCHAP | ||
| 090 | _aFolleto 10755 | ||
| 100 | 0 | 0 |
_aPark, J. C. _985568 |
| 245 | 1 | 2 | _aA sawing study method for evaluation timber from pruned logs |
| 260 |
_aRotorua, N.Z. : _bForest Research Institute, _c1983 |
||
| 300 | _a42 p. | ||
| 490 | 0 |
_aFRI Bulletin _v; 47 |
|
| 590 |
_aBATCH-UPD _b10 _c20130110 _lUCH01 _h0157 |
||
| 590 |
_aBATCH-UPD _b10 _c20130110 _lUCH01 _h1714 |
||
| 590 |
_aBATCH-UPD _b10 _c20130914 _lUCH01 _h1427 |
||
| 590 |
_aCONVERSION _b10 _c20130109 _lUCH01 _h1321 |
||
| 650 | 1 | 4 |
_aÁrboles _xCorte. _96582 |
| 650 | 1 | 4 |
_aMadera aserrada. _969637 |
| 700 | 0 |
_aLeman, C. S. E. _965937 |
|
| 710 | 0 |
_aForest Research Institute. Wellington, New Zealand. _942333 |
|
| 830 | 0 |
_aFRI Bulletin _v; 47 _943271 |
|
| 901 | _aBK | ||
| 942 | _cFOLL | ||
| 949 |
_aFolleto 10755 _bBC _cFOLL _d-96552 _eTS1 _i42036 _mD _si |
||
| 999 |
_c36944 _d36944 |
||